Cyklomost Dobrohošť-Dunakiliti

Saved in:
Bibliographic Details
Main Author: Černuška, Jakub (Author)
Other Authors: Brodniansky, Ján (Thesis advisor)
Format: Manuscript Book
Language:Slovak
Published: 2023
Subjects:
Online Access:http://is.stuba.sk/zp/portal_zp.pl?podrobnosti=169622
https://opac.crzp.sk/?fn=detailBiblioForm&sid=1755732D0F093F437CA637EAC795
Tags: Add Tag
No Tags, Be the first to tag this record!

MARC

LEADER 00000ntm a22000003a 4500
001 stuzp93858
003 SK-STU
005 20230918144145.1
007 ta
008 150427s2015----xo-----f-mn---000-0-slo-d
040 |a STU  |b slo 
041 0 |a slo 
100 1 |a Černuška, Jakub  |u 010190  |4 aut  |U SvF Stavebná fakulta  |T SvF Katedra kovových a drevených konštrukcií  |X 98171  |U V190  |Y 21  |7 98171 
242 0 1 |a Cycling bridge Dobrohošť-Dunakiliti  |y eng 
245 1 0 |a Cyklomost Dobrohošť-Dunakiliti 
260 |c 2023 
650 4 |a montážny postup  |2 slo 
650 4 |a predpätie  |2 slo 
650 4 |a cyklomost  |2 slo 
650 4 |a zavesený most  |2 slo 
650 4 |a suspended bridge  |2 eng 
650 4 |a prestressing  |2 eng 
650 4 |a mounting process  |2 eng 
650 4 |a cycling bridge  |2 eng 
700 1 |a Brodniansky, Ján  |u 010190  |k Z2  |4 ths  |U SvF Stavebná fakulta  |T SvF Katedra kovových a drevených konštrukcií  |X 49133  |U V190  |Y 21  |7 A000049133 
856 4 |u http://is.stuba.sk/zp/portal_zp.pl?podrobnosti=169622 
856 4 |u https://opac.crzp.sk/?fn=detailBiblioForm&sid=1755732D0F093F437CA637EAC795